00659nam a2200241Ia 4500001000900000003000500009005001700014008004100031010001100072020001800083040000900101082001700110100002000127245009200147260003700239300000900276500003200285503000800317650001500325650001200340700003600352700002900388dia_3538CHAP20251027154301.0220117s1982 xx 000 0 und d a173997 a968-26-0324-2 cCHAP a530 H35 1982 aHalliday, David aFísica /c David Halliday y Robert Resnick ; traducción: Raúl Gómez González aMéxico :b Continental,c1982 av. 2 aLa biblioteca tiene el v. 2 aC/e aFísica  aPhysics aGómez González, Raúl, tr. aResnick, Robert, coaut.